00846nam a22002297a 450000500170000001000130001702000110003003500130004103700160005404000120007008200230008210000310010524500570013624600340019326000830022727000920031030000520040265000460045465000650050065000230056565000280058820170124103146.0 aA-886511 c150.00 aA-886511 bCen Lib/Ret aDPLbHN a080bकमले  aकमलेश्वर  aघटनाचक्र /cकमलेश्वर aGhatnachakra /bby Kamleshwar aनई दिल्ली bसामायिक प्रकाशन c1997 a3543, जटवाडा, दरियागंज bनई दिल्ली e110002 a192पृ. c21सेमी(सजिल्द) aसामान्य संग्रह  aराष्ट्रीयता का संघर्ष  aGeneral collection aConflict of Nationality